Central Library OPAC University of Rajshahi

Principles of mineral dressing / (Record no. 66437)

MARC details
000 -LEADER
fixed length control field 00703nam a2200229 a 4500
001 - CONTROL NUMBER
control field 66437
003 - CONTROL NUMBER IDENTIFIER
rucl marc code BD-RjUL
005 - DATE AND TIME OF LATEST TRANSACTION
control field 20211209081537.0
008 - FIXED-LENGTH DATA ELEMENTS--GENERAL INFORMATION
fixed length control field 170316s19671939nyua b 001 0 eng
035 ## - SYSTEM CONTROL NUMBER
System control number (BD-RjUL)66567
System control number (OCoLC)
040 ## - CATALOGING SOURCE
Original cataloging agency DLC
Transcribing agency ODaWU
Modifying agency DP
-- WaChenE
-- DLC
Language of cataloging eng
041 ## - LANGUAGE CODE
Language code of text/sound track or separate title eng
082 ## - DEWEY DECIMAL CLASSIFICATION NUMBER
Edition number 23
Classification number 622.7
Author mark and year GAP 1967
100 1# - MAIN ENTRY--PERSONAL NAME
Personal name Gaudin, Antoine Marc,
Dates associated with a name 1900-1974.
9 (RLIN) 196610
245 10 - TITLE STATEMENT
Title Principles of mineral dressing /
Statement of responsibility, etc. A.M. Gaudin.
260 ## - PUBLICATION, DISTRIBUTION, ETC. (IMPRINT)
Place of publication, distribution, etc. London :
Name of publisher, distributor, etc. McGraw-Hill Book Company, inc.,
Date of publication, distribution, etc. c1939 [renewed1967]
300 ## - PHYSICAL DESCRIPTION
Pagination xi, 554 p. ;
Size 19 cm. :
Illustrations ill.
504 ## - BIBLIOGRAPHY, ETC. NOTE
Bibliography, etc "Literature cited" at end of each chapter.
650 #0 - SUBJECT ADDED ENTRY--TOPICAL TERM
Topical term or geographic name as entry element Ore-dressing.
9 (RLIN) 196611
942 ## - ADDED ENTRY ELEMENTS (KOHA)
Source of classification or shelving scheme Dewey Decimal Classification
Koha item type Books
Holdings
Lost status Source of classification or shelving scheme Damaged status Not for loan Collection code Permanent Location Current Location Shelving location Date acquired Source of acquisition Total Checkouts Full call number Date last seen Copy number Koha item type
  Dewey Decimal Classification   Not For Loan Non-fiction Central Library, University of Rajshahi Central Library, University of Rajshahi Reading Room 08/11/1973 U.S. Govt.   622.7 GAP 1967 16/03/2017 C-1 Books